[Event "Mecklenburg VP LL2 West 1314"]
[Site "Mecklenburg VP"]
[Date "2014.01.19"]
[Round "5.1"]
[White "Menkhaus, Wolf Dieter"]
[Black "Borchert, Chris"]
[Result "0-1"]
[WhiteElo "1821"]
[BlackElo "2051"]
[PlyCount "63"]
[EventDate "2013.10.27"]
[EventType "team-tourn"]
[EventRounds "9"]
[EventCountry "GER"]
[SourceTitle "EXT 2022"]
[Source "ChessBase"]
[SourceDate "2021.10.06"]
[SourceVersion "1"]
[SourceVersionDate "2021.10.06"]
[SourceQuality "1"]
[WhiteTeam "Rostock SSC 07 III"]
[BlackTeam "Malchow Schachinsel"]
[WhiteTeamCountry "GER"]
[BlackTeamCountry "GER"]

1. d4 Nf6 2. c4 e6 3. Nc3 Bb4 4. a3 Bxc3+ 5. bxc3 Ne4 6. f3 Qh4+ 7. g3 Nxg3 8. hxg3 Qxh1 9. Nh3 d6 10. Bf4 e5 11. Nf2 Qh5 12. g4 Qg6 13. dxe5 dxe5 14. Bxe5 0-0 15. e3 Na6 16. Bd3 Qe6 17. Qc2 g6 18. Bf4 Nc5 19. 0-0-0 Bd7 20. Ne4 Nxe4 21. Bxe4 Bc6 22. Rh1 f6 23. Qh2 Qf7 24. Bxc6 bxc6 25. Bxc7 Rfe8 26. e4 Re7 27. Bd6 Rb7 28. Qe2 Rd8 29. e5 fxe5 30. Bxe5 Re8 31. Re1 Rbe7 32. Kd1 0-1

[Event "Mecklenburg VP LL2 West 0910"]
[Site "Mecklenburg VP"]
[Date "2010.04.11"]
[Round "9.1"]
[White "Koester, Klaus Dieter"]
[Black "Borchert, Chris"]
[Result "1/2-1/2"]
[WhiteElo "1734"]
[BlackElo "2171"]
[PlyCount "54"]
[EventDate "2009.10.18"]
[EventType "team-tourn"]
[EventRounds "9"]
[EventCountry "GER"]
[SourceTitle "EXT 2016"]
[Source "ChessBase"]
[SourceDate "2015.10.08"]
[SourceVersion "1"]
[SourceVersionDate "2015.10.08"]
[SourceQuality "1"]
[WhiteTeam "Ludwigslust Post SV II"]
[BlackTeam "Neukloster III"]
[WhiteTeamCountry "GER"]
[BlackTeamCountry "GER"]

1. e4 d5 2. exd5 Qxd5 3. Nc3 Qa5 4. Nf3 Nf6 5. Bc4 Nc6 6. d3 Bg4 7. Bd2 Qh5 8. d4 Nxd4 9. Be2 Bxf3 10. Bxf3 Nxf3+ 11. gxf3 0-0-0 12. Qe2 e6 13. 0-0-0 Bb4 14. a3 Bxc3 15. Bxc3 Rxd1+ 16. Rxd1 Rd8 17. Rxd8+ Kxd8 18. Be5 Nd7 19. Bg3 Qd5 20. Qe3 Qc5 21. Qe4 Nf6 22. Qxb7 Nd5 23. Qb8+ Ke7 24. Qg8 Qa5 25. Kd1 Nb6 26. Qxg7 Qd5+ 27. Kc1 Qxf3 1/2-1/2

[Event "Mecklenburg VP LL 0809"]
[Site "Mecklenburg VP"]
[Date "2008.12.14"]
[Round "4.6"]
[White "Borchert, Chris"]
[Black "Birnbaum, Wolf Dieter"]
[Result "1/2-1/2"]
[WhiteElo "2014"]
[BlackElo "1928"]
[PlyCount "45"]
[EventDate "2008.10.05"]
[EventType "team-tourn"]
[EventRounds "9"]
[EventCountry "GER"]
[SourceTitle "EXT 2022"]
[Source "ChessBase"]
[SourceDate "2021.10.06"]
[SourceVersion "1"]
[SourceVersionDate "2021.10.06"]
[SourceQuality "1"]
[WhiteTeam "Neukloster II"]
[BlackTeam "Warnemuende SF Ostsee"]
[WhiteTeamCountry "GER"]
[BlackTeamCountry "GER"]

1. d4 Nf6 2. Bg5 Ne4 3. Bf4 d5 4. e3 c5 5. c3 cxd4 6. exd4 Nc6 7. Nd2 Bf5 8. Nxe4 Bxe4 9. Nf3 Qb6 10. Qb3 Qxb3 11. axb3 Bxf3 12. gxf3 f6 13. Bb5 Kd7 14. Kd2 a6 15. b4 Re8 16. Bxc6+ Kxc6 17. Rhe1 e6 18. Kd3 Bd6 19. Bxd6 Kxd6 20. b3 Re7 21. Ra5 Rf8 22. b5 axb5 23. Rxb5 1/2-1/2

[Event "Mecklenburg VP LL 0809"]
[Site "Mecklenburg VP"]
[Date "2008.10.05"]
[Round "1.4"]
[White "Kunow, Frank"]
[Black "Borchert, Chris"]
[Result "0-1"]
[WhiteElo "1920"]
[BlackElo "2014"]
[PlyCount "74"]
[EventDate "2008.10.05"]
[EventType "team-tourn"]
[EventRounds "9"]
[EventCountry "GER"]
[SourceTitle "EXT 2022"]
[Source "ChessBase"]
[SourceDate "2021.10.06"]
[SourceVersion "1"]
[SourceVersionDate "2021.10.06"]
[SourceQuality "1"]
[WhiteTeam "Neubrandenburg SG Eintracht"]
[BlackTeam "Neukloster II"]
[WhiteTeamCountry "GER"]
[BlackTeamCountry "GER"]

1. d4 Nf6 2. Bg5 d5 3. Bxf6 exf6 4. e3 c6 5. c4 dxc4 6. Bxc4 Bd6 7. Nf3 0-0 8. 0-0 f5 9. Qc2 Nd7 10. Bd3 g6 11. Nbd2 Re8 12. Rfe1 Nb6 13. a3 a5 14. b3 Nd5 15. Bc4 Be6 16. g3 Rc8 17. Qb2 b5 18. Bf1 Nf6 19. Rec1 Bd5 20. Bg2 Qe7 21. Ne1 Ne4 22. Nxe4 fxe4 23. Nc2 g5 24. Qc3 Ra8 25. b4 a4 26. h3 f5 27. Qd2 Rf8 28. Ne1 f4 29. exf4 gxf4 30. Rc3 Kh8 31. Rac1 e3 32. fxe3 f3 33. Nxf3 Bxf3 34. Bxf3 Rxf3 35. e4 Qxe4 36. Rxf3 Qxf3 37. Qg2 Qe3+ 0-1

[Event "Mecklenburg VP LL 0607"]
[Site "Mecklenburg VP"]
[Date "2006.10.29"]
[Round "2.7"]
[White "Martens, Rolf Dieter"]
[Black "Borchert, Chris"]
[Result "1/2-1/2"]
[WhiteElo "1845"]
[BlackElo "2021"]
[PlyCount "56"]
[EventDate "2006.10.15"]
[EventType "team"]
[EventRounds "9"]
[EventCountry "GER"]
[SourceTitle "EXT 2008"]
[Source "ChessBase"]
[SourceDate "2007.11.25"]
[SourceVersion "1"]
[SourceVersionDate "2007.11.25"]
[SourceQuality "1"]
[WhiteTeam "Schwerin SV Einheit"]
[BlackTeam "Neukloster"]
[WhiteTeamCountry "GER"]
[BlackTeamCountry "GER"]

1. d4 d5 2. Bg5 Nf6 3. Bxf6 exf6 4. e3 Bf5 5. Bd3 Qd7 6. Ne2 Bd6 7. Nbc3 c6 8. e4 dxe4 9. Nxe4 Bxe4 10. Bxe4 Na6 11. a3 f5 12. Bf3 Nc7 13. c4 Rd8 14. 0-0 0-0 15. Qc2 g6 16. Rad1 Ne6 17. Qc1 Be7 18. g3 Qc7 19. d5 Ng5 20. Bg2 Bf6 21. Nc3 Rfe8 22. Rfe1 Rxe1+ 23. Rxe1 h5 24. Qe3 c5 25. Nb5 Qa5 26. h4 Nh7 27. Rb1 a6 28. Nc3 Qc7 1/2-1/2

[Event "Mecklenburg VP LL2 West 0304"]
[Site "Mecklenburg VP"]
[Date "2003.09.28"]
[Round "1.5"]
[White "Van Bentum, Horst"]
[Black "Borchert, Chris"]
[Result "1/2-1/2"]
[WhiteElo "2040"]
[BlackElo "2012"]
[PlyCount "45"]
[EventDate "2003.09.28"]
[EventType "team-tourn"]
[EventRounds "9"]
[EventCountry "GER"]
[SourceTitle "EXT 2022"]
[Source "ChessBase"]
[SourceDate "2021.10.06"]
[SourceVersion "1"]
[SourceVersionDate "2021.10.06"]
[SourceQuality "1"]
[WhiteTeam "Rostock PSV II"]
[BlackTeam "Malchow Schachinsel"]
[WhiteTeamCountry "GER"]
[BlackTeamCountry "GER"]

1. e4 Nf6 2. Nc3 e5 3. Bc4 Bc5 4. d3 h6 5. Nf3 d6 6. Be3 Bb6 7. Bxb6 axb6 8. d4 Qe7 9. 0-0 c6 10. Qd3 0-0 11. dxe5 dxe5 12. Rad1 Bg4 13. Qe3 Qc5 14. Qxc5 bxc5 15. Be2 b5 16. b3 Bxf3 17. Bxf3 Na6 18. a4 Nb4 19. axb5 cxb5 20. Nxb5 Nxc2 21. Rc1 Nd4 22. Nxd4 cxd4 23. Rc5 1/2-1/2

[Event "Mecklenburg VP LL2 West 0102"]
[Site "Mecklenburg VP"]
[Date "2002.02.24"]
[Round "6.4"]
[White "Borchert, Chris"]
[Black "Wolke, Heiko"]
[Result "1/2-1/2"]
[WhiteElo "2027"]
[BlackElo "2079"]
[PlyCount "89"]
[EventDate "2001.10.07"]
[EventType "team-tourn"]
[EventRounds "9"]
[EventCountry "GER"]
[SourceTitle "EXT 2022"]
[Source "ChessBase"]
[SourceDate "2021.10.06"]
[SourceVersion "1"]
[SourceVersionDate "2021.10.06"]
[SourceQuality "1"]
[WhiteTeam "Malchow Schachinsel"]
[BlackTeam "Warnemuende SF Ostsee"]
[WhiteTeamCountry "GER"]
[BlackTeamCountry "GER"]

1. d4 Nf6 2. Bg5 g6 3. e3 Bg7 4. Bd3 c5 5. c3 b6 6. Nd2 Bb7 7. f3 d6 8. Ne2 0-0 9. g4 Nxg4 10. d5 Ne5 11. Bc4 Nbd7 12. f4 Nxc4 13. Nxc4 Nf6 14. Bxf6 Bxf6 15. e4 Qd7 16. Ng3 b5 17. Ne3 b4 18. Qc2 bxc3 19. bxc3 e6 20. Rd1 Rfe8 21. 0-0 Ba6 22. Rf2 Bh4 23. Rg2 Rab8 24. c4 Bf6 25. e5 dxe5 26. Ng4 Bg7 27. Nh5 Qe7 28. Nxg7 Kxg7 29. fxe5 Rb4 30. Qd2 Qh4 31. Nf6 Rd8 32. a3 Rxc4 33. Qa5 Rd4 34. Rf1 Bxf1 35. Qxd8 Kh6 36. Ng8+ Kg7 37. Qxh4 Rxh4 38. Kxf1 Kxg8 39. d6 Rd4 40. Rb2 Kf8 41. Rb7 Rf4+ 42. Kg2 Ke8 43. Rxa7 Rf5 44. Ra8+ Kd7 45. Ra7+ 1/2-1/2

[Event "Mecklenburg VP LL2 West 0102"]
[Site "Mecklenburg VP"]
[Date "2001.10.07"]
[Round "1.2"]
[White "Kniazev, Boris"]
[Black "Borchert, Chris"]
[Result "0-1"]
[WhiteElo "1972"]
[BlackElo "2027"]
[PlyCount "117"]
[EventDate "2001.10.07"]
[EventType "team-tourn"]
[EventRounds "9"]
[EventCountry "GER"]
[SourceTitle "EXT 2022"]
[Source "ChessBase"]
[SourceDate "2021.10.06"]
[SourceVersion "1"]
[SourceVersionDate "2021.10.06"]
[SourceQuality "1"]
[WhiteTeam "Schwerin SV Einheit II"]
[BlackTeam "Malchow Schachinsel"]
[WhiteTeamCountry "GER"]
[BlackTeamCountry "GER"]

1. d4 d5 2. c4 e6 3. Nc3 Nf6 4. Bg5 Be7 5. e3 0-0 6. cxd5 exd5 7. Bd3 c6 8. Qc2 h6 9. Bxf6 Bxf6 10. Nf3 a5 11. 0-0 Na6 12. a3 Bg4 13. Nd2 Qe7 14. Rab1 Rfd8 15. Na4 b5 16. h3 Be6 17. Nc5 Nxc5 18. dxc5 Qd7 19. Nf3 a4 20. Nd4 Bxd4 21. exd4 Qe7 22. Rbe1 Qf6 23. Re5 Qf4 24. Qc3 Re8 25. Rfe1 Bd7 26. g3 Qf6 27. Bf1 Rxe5 28. dxe5 Qe7 29. f4 h5 30. Kh2 Rd8 31. Bd3 g6 32. Qd4 Be6 33. Rf1 Bf5 34. Bxf5 gxf5 35. h4 Qe6 36. Rd1 Kg7 37. Qf2 Kg6 38. Qc2 d4 39. Qg2 Qd5 40. Qxd5 Rxd5 41. Kg2 Rxc5 42. Rxd4 Rc2+ 43. Kf1 Rxb2 44. Rd6+ Kg7 45. Rxc6 Rb3 46. Rb6 Rxa3 47. Rxb5 Rxg3 48. Kf2 Rg4 49. Kf3 Rxh4 50. Ra5 a3 51. Ra7 Kf8 52. Ra8+ Ke7 53. Ra7+ Ke6 54. Ra5 Rh3+ 55. Kg2 Rb3 56. Kf2 h4 57. Kg2 Rc3 58. Ra6+ Kd5 59. Ra7 0-1